<?xml version="1.0" encoding="UTF-8"?>
<record
    xmlns:xsi="http://www.w3.org/2001/XMLSchema-instance"
    xsi:schemaLocation="http://www.loc.gov/MARC21/slim http://www.loc.gov/standards/marcxml/schema/MARC21slim.xsd"
    xmlns="http://www.loc.gov/MARC21/slim">

  <leader>01886nam a2200253 a 4500</leader>
  <controlfield tag="001">000043510</controlfield>
  <controlfield tag="005">20250219170734.0</controlfield>
  <controlfield tag="008">140320s2014    dr ad         000 0 spa d</controlfield>
  <datafield tag="020" ind1=" " ind2=" ">
    <subfield code="a">9789945888744</subfield>
  </datafield>
  <datafield tag="040" ind1=" " ind2=" ">
    <subfield code="a">DO-SdBNP</subfield>
    <subfield code="b">spa</subfield>
    <subfield code="c">BNPHU</subfield>
  </datafield>
  <datafield tag="082" ind1=" " ind2=" ">
    <subfield code="a">338.187293</subfield>
    <subfield code="b">R426s</subfield>
  </datafield>
  <datafield tag="110" ind1="1" ind2=" ">
    <subfield code="a">Rep&#xFA;blica Dominicana. </subfield>
    <subfield code="b">Ministerio de Econom&#xED;a, Planificaci&#xF3;n y Desarrollo </subfield>
    <subfield code="9">66142</subfield>
  </datafield>
  <datafield tag="245" ind1="1" ind2="0">
    <subfield code="a">Soberan&#xED;a alimentaria :</subfield>
    <subfield code="b">reforma agraria, biotecnolog&#xED;a, leche y exportaciones agr&#xED;colas /</subfield>
    <subfield code="c">editor Roberto E. Liz.</subfield>
  </datafield>
  <datafield tag="260" ind1=" " ind2=" ">
    <subfield code="a">Santo Domingo :</subfield>
    <subfield code="b">Fondo para el Fomento de la Investigaci&#xF3;n Econ&#xF3;mica,</subfield>
    <subfield code="c">2014.</subfield>
  </datafield>
  <datafield tag="300" ind1=" " ind2=" ">
    <subfield code="a">416 p. :</subfield>
    <subfield code="b">il., gr&#xE1;fcs. ;</subfield>
    <subfield code="c">26 cm.</subfield>
  </datafield>
  <datafield tag="505" ind1="0" ind2=" ">
    <subfield code="t">Dise&#xF1;o de un plan de manejo post-cosecha de tres productos agr&#xED;colas competitivos: caf&#xE9;, aguacate y mango en las provincias Peravia y San Jos&#xE9; de Ocoa /</subfield>
    <subfield code="r">Instituto para la Cultura y la Autogesti&#xF3;n Popular de la regi&#xF3;n noroeste (INCAP) --</subfield>
    <subfield code="t">Sostenibilidad alimentaria y producci&#xF3;n lechera en el marco de la soberan&#xED;a alimentaria: an&#xE1;lisis del caso dominicano /</subfield>
    <subfield code="r">Joel Arboleda y Celeste Solano, Fundaci&#xF3;n Internacional Veterinarios sin Fronteras --</subfield>
    <subfield code="t">Viabilidad de los asentamientos de reforma agraria en la Rep&#xFA;blica Dominicana /</subfield>
    <subfield code="r">F&#xE1;tima Portorreal Liriano, Fundaci&#xF3;n Internacional Veterinarios sin Fronteras --</subfield>
    <subfield code="t">Efecto econ&#xF3;mico y social de la biotecnolog&#xED;a en la producci&#xF3;n de yaut&#xED;a coco (colocasia esculenta) en la Rep&#xFA;blica Dominicana /</subfield>
    <subfield code="r">Instituto de Innovaci&#xF3;n en biotecnolog&#xED;a e industria (IIBI).</subfield>
  </datafield>
  <datafield tag="590" ind1=" " ind2=" ">
    <subfield code="a">Inventariado,2018/DG</subfield>
  </datafield>
  <datafield tag="650" ind1=" " ind2="4">
    <subfield code="a">Agricultura y estado</subfield>
    <subfield code="z">Rep&#xFA;blica Dominicana</subfield>
    <subfield code="9">9297</subfield>
  </datafield>
  <datafield tag="650" ind1=" " ind2="4">
    <subfield code="a">Innovaciones agr&#xED;colas</subfield>
    <subfield code="z">Rep&#xFA;blica Dominicana</subfield>
    <subfield code="9">37047</subfield>
  </datafield>
  <datafield tag="650" ind1=" " ind2="4">
    <subfield code="a">Reforma agrar&#xED;a</subfield>
    <subfield code="z">Rep&#xFA;blica Dominicana</subfield>
    <subfield code="9">7284</subfield>
  </datafield>
  <datafield tag="650" ind1=" " ind2="4">
    <subfield code="a">Agricultura</subfield>
    <subfield code="x">Aspectos econ&#xF3;micos</subfield>
    <subfield code="z">Rep&#xFA;blica Dominicana</subfield>
    <subfield code="9">1508</subfield>
  </datafield>
  <datafield tag="700" ind1="1" ind2=" ">
    <subfield code="a">Liz, Roberto E.,</subfield>
    <subfield code="e">ed.</subfield>
    <subfield code="9">37488</subfield>
  </datafield>
  <datafield tag="910" ind1=" " ind2=" ">
    <subfield code="a">Validado. Control de calidad EMS</subfield>
  </datafield>
  <datafield tag="952" ind1=" " ind2=" ">
    <subfield code="0">0</subfield>
    <subfield code="1">0</subfield>
    <subfield code="7">1</subfield>
    <subfield code="8">PD</subfield>
    <subfield code="a">PD</subfield>
    <subfield code="b">PD</subfield>
    <subfield code="c">HD</subfield>
    <subfield code="d">2014-03-20</subfield>
    <subfield code="i">LF1</subfield>
    <subfield code="l">0</subfield>
    <subfield code="o">338.187293 R426s</subfield>
    <subfield code="p">43510-10</subfield>
    <subfield code="r">2020-06-25</subfield>
    <subfield code="w">2020-06-25</subfield>
    <subfield code="y">LFPD</subfield>
    <subfield code="Z">No se presta</subfield>
  </datafield>
  <datafield tag="999" ind1=" " ind2=" ">
    <subfield code="c">42999</subfield>
    <subfield code="d">42999</subfield>
  </datafield>
</record>
